000 00333 a2200133 4500
001 156891
040 _cEscola São Tomás de Aquino
100 _aGONTIJO, Solange Avelar Fonseca
240 1 0 _aTonico, o bode diferente
_lpor
245 1 0 _aTonico, o bode diferente
362 0 _a1990
697 _a*LITERATURA INFANTIL
942 _cBK
999 _c156891
_d156891